LIBRARY & INFORMATION CENTRE, KCAET, TAVANUR

ONLINE PUBLIC ACCESS CATALOGUE (OPAC)

Agrain Retform and Agricultural Reconstruction :A study of Scoio economics Asperly and land use / (Record no. 12482)

MARC details
000 -LEADER
fixed length control field 00421cam a2200145ua 4500
041 ## - LANGUAGE CODE
Language code of text/sound track or separate title eng
082 ## - DEWEY DECIMAL CLASSIFICATION NUMBER
Classification number 338.1
Item number AGR/AG
100 ## - MAIN ENTRY--AUTHOR NAME
Personal name Agrawal, .
245 ## - TITLE STATEMENT
Title Agrain Retform and Agricultural Reconstruction :A study of Scoio economics Asperly and land use /
260 ## - PUBLICATION, DISTRIBUTION, ETC. (IMPRINT)
Place of publication New Delhi :
Name of publisher S.Chand & Sons ,
Year of publication 1963.
300 ## - PHYSICAL DESCRIPTION
Number of Pages 111 ; .
942 ## - ADDED ENTRY ELEMENTS (KOHA)
Koha item type Books
Holdings
Withdrawn status Lost status Damaged status Home library Current library Date acquired Full call number Accession Number Koha item type
Withdrawn     KAUAET Sanskrit University 07/04/2012 338.1 10508 Books
free website counter